| 000 | 00347nam a22001457a 4500 | ||
|---|---|---|---|
| 008 | 250417b ||||| |||| 00| 0 eng d | ||
| 020 | _a9780007925391 | ||
| 041 | _aeng | ||
| 080 |
_22013 _a82MON |
||
| 082 |
_282MON _a82MON |
||
| 100 | _a01 | ||
| 101 | _aGJUHE DHE LETERSI | ||
| 245 |
_aANNE OF GREEN GABLES _cL.M.MONTGOMERY |
||
| 942 |
_2udc _cBK |
||
| 999 |
_c60646 _d60646 |
||